000 00628cam a22002411 4500
001 sa 65010753
003 DLC
005 20260227112211.0
008 890514s1964 xx 000 0 beno
010 _asa 65010753
035 _a(OCoLC)23546421
040 _aDLC
_cMiU
_dDLC
042 _apremarc
050 0 0 _aBP190.5.A5
_bJ3
100 0 _aJasimuddin
_c(Novelist),
_ecomp.
245 1 0 _aTābijāta āmale Korāna o tadabīra.
260 _c[1964]
300 _a244, 87 p.
_c19 cm.
500 _aRomanized.
650 0 _aPrayer
_xIslam
650 0 _aTalismans
_zIndia
_zBengal
650 0 _aIslam
_vPrayers and devotions.
999 _c66925
_d66925